000 00511nam a2200181Ia 4500
005 20250508150828.0
008 008 250505s9999 xx 000 0 eng d
037 _aTextual
040 _aFEDL
_beng
_cFEDL
041 _aeng
_2eng
084 _a372.21, WAR
_qFEDL
100 _aWarr E B
_9757759
245 0 _aSocial experience in the junior school
260 _aLondon, UK
_bMethuen and Company Limited
_c1951
300 _a117p.
942 _cTEXL
_h372.21, WAR
999 _c1325925
_d1325925